000 00319nam a2200121Ia 4500
005 20251222141801.0
008 251222s9999||||xx |||||||||||||| ||spa||
082 _a323.46/F28
100 _aFaúndez, Julio
245 0 _aAcciones Positivas en el Empleo y la Ocupación:
264 _bDefensoría del Pueblo
942 _cLIB
999 _c6170
_d6170